000 00663nam a22002177a 4500
003 UA-OsUOA
001 102933
007 ta
008 20131007b un ||||| |||| 00| 0 ukr d
100 _aСущенко О.М.
090 _a330(477)
_bС91
942 _cSA
040 _aUA-OsUOA
_bukr
_cUA-OsUOA
_dUA-OsUOA
245 _aСутність, принципи та пріоритети мікрофінансової стабілізації України
300 _aС.71-91
955 _a0
041 _aukr
080 _a330(477)
773 0 _w102926
_tФінанси України
_dК.
_d2013
_g1
650 7 _a330 Економіка взагалі
_2UDC
999 _c388904
_d388904